| 000 | 00485nam a2200193Ia 4500 | ||
|---|---|---|---|
| 008 | 170918s9999 xx 000 0 und d | ||
| 020 | _a9780439351089 | ||
| 050 | _bW799 2002 | ||
| 100 | _aWirth, Crystal | ||
| 245 | _aAt 1600 Pennsylvania Avenue / | ||
| 245 | _cCrystal Wirth ; illustrated by Jared Lee. | ||
| 260 | _aNew York : | ||
| 260 | _bScholastic, | ||
| 260 | _c2002 | ||
| 300 | _a16 pages : | ||
| 300 | _bcolored illustration ; | ||
| 300 | _c21cm. | ||
| 500 | _a430 | ||
| 999 |
_c341420 _d341420 |
||